|
|
|
|
| LEADER |
01202nam a2200325 a 4500 |
| 001 |
33383 |
| 003 |
BD-DhAAL |
| 005 |
20180715111649.0 |
| 008 |
180715t1999 nyua b 001 0 eng |
| 999 |
|
|
|c 39772
|d 39772
|
| 010 |
|
|
|a 98026053
|
| 020 |
|
|
|a 0070016321
|
| 020 |
|
|
|a 9780070016323
|
| 040 |
|
|
|a DLC
|c DLC
|d DLC
|d BD-DhAAL
|
| 050 |
0 |
0 |
|a QA76.9.C66
|b A5 1999
|
| 082 |
0 |
0 |
|a 006
|2 21
|
| 100 |
1 |
|
|a Anders, Peter.
|9 27269
|
| 245 |
1 |
0 |
|a Envisioning cyberspace :
|b designing 3-D electronic spaces /
|c Peter Anders.
|
| 260 |
|
|
|a New York :
|b McGraw-Hill,
|c c1999.
|
| 300 |
|
|
|a xii, 228 pages :
|b illustrations (some colors) ;
|c 24 cm.
|
| 504 |
|
|
|a Includes bibliographical references (pages 219-224) and index.
|
| 526 |
|
|
|a ARC
|
| 541 |
|
|
|e 33383
|
| 650 |
|
0 |
|a Computers and civilization.
|9 27270
|
| 650 |
|
0 |
|a Cyberspace.
|9 27271
|
| 650 |
|
0 |
|a Virtual reality.
|9 27272
|
| 650 |
|
0 |
|a Computer-aided design.
|9 27273
|
| 852 |
|
|
|a Department of Architecture
|c General Stacks
|
| 942 |
|
|
|2 ddc
|c BK
|
| 952 |
|
|
|0 0
|1 0
|2 ddc
|4 0
|6 006_000000000000000_AND
|7 0
|9 63800
|a BRACUL
|b BRACUL
|c GEN
|d 2018-07-15
|l 1
|m 30
|o 006 AND
|p 3010033383
|r 2024-10-27
|s 2024-01-25
|t 1
|w 2018-07-15
|y BK
|x Transferred from ARC to BRACUL on 28/12/2023
|